Readings on performance budgeting (Record no. 491789)

000 -LEADER
fixed length control field 00368cam a22001337a 4500
008 - FIXED-LENGTH DATA ELEMENTS--GENERAL INFORMATION
fixed length control field 180718bv.p. xxu||||| |||| 00| 0 eng d
082 ## - DEWEY DECIMAL CLASSIFICATION NUMBER
Classification number Lx54 T33
245 ## - TITLE STATEMENT
Title Readings on performance budgeting
Statement of responsibility, etc. edited by M.J.K. Thavaraj and K.B. Iyer
260 ## - PUBLICATION, DISTRIBUTION, ETC.
Place of publication, distribution, etc. Delhi
Name of publisher, distributor, etc. Research
Date of publication, distribution, etc. v.p.
300 ## - PHYSICAL DESCRIPTION
Extent 154p.
650 ## - SUBJECT ADDED ENTRY--TOPICAL TERM
Topical term or geographic name entry element Budget
700 ## - ADDED ENTRY--PERSONAL NAME
Personal name Iyer, K.B.
700 ## - ADDED ENTRY--PERSONAL NAME
Personal name Thavaraj, M.J.K.
Holdings
Withdrawn status Lost status Damaged status Not for loan Permanent Location Current Location Date acquired Full call number Barcode Date last seen Price effective from Koha item type
        Indian Institute of Public Administration Indian Institute of Public Administration 2018-08-04 Lx54 T33 GR15620 2018-08-04 2018-08-04 GR

Powered by Koha